000 00607nam a2200205 a 4500
005 20240802063708.0
008 010829s1999 r 000 0 eng d
020 _a9701823710 (CNCA)
020 _a968779187X (SM)
035 _aUPN01000110653
049 _aI
050 4 _aPZ71
_bB4.3
100 1 _aBrozon, M. B.,
_d1970-
_931044
245 1 0 _aGodofredo /
_cM. B. Brozon ; il.de Mónica Miranda.
260 _aMéxico :
_bCNCA :
_bSM,
_c1999.
300 _a63 p. :
_bil. col.
440 3 _aEl barco de vapor ;
_v6.
_pPrimeros lectores
650 4 _aLiteratura infantil mexicana
_910209
905 _aInfantil
999 _c84562
_d84562